000
00342nam a2200145Ia 4500
008
150201s2007 xx 000 0 und d
082
_a
612
_b
P07H
100
_a
HALL,JOHN E
245
_a
GYTON&HALL PHYSIOLOGY REVIW
250
_a
1ST
260
_b
ELSEVIER
_a
DELHI
_c
2007
300
_a
1-250
650
_a
HUMAN PHYSIOLOGY
942
_2
ddc
_c
BK
_0
9
999
_c
326
_d
326